000 00561nam a22001937a 4500
005 20251108172838.0
008 250721s2004 xx 000 0 ara d
082 1 4 _a618.92/دحي
100 1 _aالدحيات، خالد عبد الرحيم
_eمؤلف
245 1 0 _aصحة الطفل /
264 1 _aعمان :
_bالمطابع العسكرية،
_c2004.
300 _a303 ص.
650 1 7 _aطب الأطفال
650 1 7 _aالأطفال
650 1 7 _aالرعاية الصحية
650 1 7 _aصحة الطفل
942 _2ddc
_cBK
999 _c89913
_d89913